000 00619nam a22001937a 4500
005 20251108164224.0
008 250721s1985 xx 000 0 ara d
082 1 4 _a780.95605/عبد
100 1 _aالرايس، عبد الكريم
245 1 0 _aالموسيقى الأندلسية المغربية :
_bنوبه غربيه الحسين /
264 1 _aفاس :
_bعبدالعزيز حلمي،
_c1985.
300 _a158ص
650 1 7 _aالموسيقى الأندلسية
650 1 7 _aالموسيقى المغربية
650 1 7 _aالتاريخ
650 1 7 _aالنقد
942 _2ddc
_cBK
999 _c6738
_d6738